| 000 | 00325nam a2200133Ia 4500 | ||
|---|---|---|---|
| 008 | 200615s9999||||xx |||||||||||||| ||und|| | ||
| 020 | _a9788173194283 | ||
| 082 |
_a621.3 _bFUN-D |
||
| 100 | _aDUBEY,GOPAL K | ||
| 245 | 0 | _aFUNDAMENTAL OF ELECTRICAL DRIVES | |
| 250 | _a4TH | ||
| 260 |
_aNew Delhi _bNAROSA _c2017 |
||
| 942 | _cBK | ||
| 999 |
_c29165 _d29165 |
||